000 00483nam a2200181Ia 4500
001 11365
005 20260306162822.0
008 260306t2022||||xx |||||||||||||| ||spa||
041 _aESP
082 _a985.04
_bB141A
100 _aDelgado, Yizza,
_eAUT
245 0 _aVoces y documentos para repensar la Independencia y el establecimiento de la República
260 _c2022
300 _a386 páginas :
_c20 cm.
650 _aGEN
654 _aCHU
942 _cLIB
_dJUS
_fJUS
_2ddc
_n
999 _c11365
_d11365